00355nam a2200133Ia 4500008004100000041001200041082001600053100001900069245006900088260003300157300000700190650001200197700001200209221030s9999 xx 000 0 und d aEnglish a105.23bSin aGurvinder Sigh 0aText Book of Communication Skill - Icby Gurvinder Sigh, R. Kour bIndian Pub.aJalandharc1999 a48 aENGLISH aR. Kour